Consideraciones en torno al problema de la teoría del espacio referida a las políticas y tecnologías de vivienda
Gorde:
| Egile nagusia: | |
|---|---|
| Formatua: | Texto |
| Argitaratua: |
Heredia:
Universidad Nacional
|
| Etiketak: |
Etiketa erantsi
Etiketarik gabe, Izan zaitez lehena erregistro honi etiketa jartzen!
|
MARC
| LEADER | 00000 a a2200000 04500 | ||
|---|---|---|---|
| 001 | 20368 | ||
| 003 | |||
| 040 | |||
| 090 | |a 084900 | ||
| 100 | |a Jankilevich, Carlos | ||
| 245 | |a Consideraciones en torno al problema de la teoría del espacio referida a las políticas y tecnologías de vivienda | ||
| 260 | |a Heredia: |b Universidad Nacional | ||
| 300 | |a 57 p. | ||
| 999 | |c 1134 |d 1134 | ||
